Normal view
MARC view
- Forsyth, David A ,Ponce, Jean
Entry Personal Name
001 - CONTROL NUMBER
- control field: 57040
003 - CONTROL NUMBER IDENTIFIER
- control field: NUST
005 - DATE AND TIME OF LATEST TRANSACTION
- control field: 20210628201834.0
008 - FIXED-LENGTH DATA ELEMENTS
- fixed length control field: 210628|| aca||aabn | a|a d
040 ## - CATALOGING SOURCE
- Original cataloging agency: NUST
- Transcribing agency: NUST
100 ## - HEADING--PERSONAL NAME
- Personal name: Forsyth, David A ,Ponce, Jean
670 ## - SOURCE DATA FOUND
- Source citation: Work cat.: (NUST): Forsyth, David A ,Ponce, Jean, Computer vision ,a modern approach, 2003
